000 01537nam a22002177a 4500
999 _c63133
_d63133
003 Ge_BSU
005 20250610105554.0
008 250610s2025 ge ||||| |||| 00| 0 geo d
041 _ageo
080 _a57 მ-27
100 _aმანველიძე, ნინო
_925353
245 _aაღმოსავლურ ნაძვზე (Picea Orientalis L.) გავრცელებული რიგი ხეშეშფრთიანების (Coleoptera) სახეობრივი მრავალფეროვნება მაღალმთიან აჭარაში /
_cნინო მანველიძე; სამეცნ. ხელ-ლი : ლალი ჟღენტი, მზაღო ლობჟანიძე; სსიპ "ბათუმის რუსთაველის სახელმწიფო უნივერსიტეტი"
264 _aბათუმი,
_c2025.
300 _a112 გვ. :
_bილ.;
_c30 გვ.
504 _aბიბლიოგრ. გვ. 97-105
653 _aაღმოსავლური ნაძვი აჭარაში
700 _aჟღენტი, ლალი
_eსამეცნიერო ხელ-ლი
_922309
700 _aლობჟანიძე, მზაღო
_eსამეცნიერო ხელ-ლი
_96589
710 _a სსიპ "ბათუმის რუსთაველის სახელმწიფო უნივერსიტეტი"
_925354
942 _2udc
_cDS